Normal view
MARC view
- Siddique, Shafee Haider Shafee Haider Siddique Danish
Entry Personal Name
001 - CONTROL NUMBER
- control field: 77449
003 - CONTROL NUMBER IDENTIFIER
- control field: NUST
005 - DATE AND TIME OF LATEST TRANSACTION
- control field: 20210628205919.0
008 - FIXED-LENGTH DATA ELEMENTS
- fixed length control field: 210628|| aca||aabn | a|a d
040 ## - CATALOGING SOURCE
- Original cataloging agency: NUST
- Transcribing agency: NUST
100 ## - HEADING--PERSONAL NAME
- Personal name: Siddique, Shafee Haider Shafee Haider Siddique Danish
670 ## - SOURCE DATA FOUND
- Source citation: Work cat.: (NUST): Siddique, Shafee Haider Shafee Haider Siddique Danish, Quran aur maholiyat, 1999
